Shangri-la : (Record no. 3622)
[ view plain ]
| 000 -LEADER | |
|---|---|
| fixed length control field | 00548cam a2200181 4500 |
| 001 - CONTROL NUMBER | |
| control field | 4381 |
| 005 - DATE AND TIME OF LATEST TRANSACTION | |
| control field | 20181127173305.0 |
| 008 - FIXED-LENGTH DATA ELEMENTS--GENERAL INFORMATION | |
| fixed length control field | 070808s2006 bt b 000 0 eng |
| 020 ## - INTERNATIONAL STANDARD BOOK NUMBER | |
| International Standard Book Number | 9781841622040 |
| Terms of availability | |
| Canceled/invalid ISBN | |
| 043 ## - GEOGRAPHIC AREA CODE | |
| Geographic area code | a-bt--- |
| 100 1# - MAIN ENTRY--PERSONAL NAME | |
| Personal name | Mayhew, Bradley. |
| 245 10 - TITLE STATEMENT | |
| Title | Shangri-la : |
| Remainder of title | A Travel guide to the Himalayan dream / |
| Statement of responsibility, etc. | Michael Buckley. |
| 260 ## - PUBLICATION, DISTRIBUTION, ETC. | |
| Place of publication, distribution, etc. | [Bhutan] : |
| Name of publisher, distributor, etc. | n, p., |
| Date of publication, distribution, etc. | 2011. |
| 300 ## - PHYSICAL DESCRIPTION | |
| Extent | 191 p. : |
| Other physical details | col. maps ; |
| Dimensions | 22 cm. |
| 650 ## - SUBJECT ADDED ENTRY--TOPICAL TERM | |
| Topical term or geographic name entry element | Travel --Guidebooks. |
| Form subdivision | |
| General subdivision | |
| Chronological subdivision | |
| Geographic subdivision | |
| Source of heading or term | |
| Topical term or geographic name entry element | Day hiking |
| Geographic subdivision | Bhutan |
| Form subdivision | Guidebooks. |
| 651 #0 - SUBJECT ADDED ENTRY--GEOGRAPHIC NAME | |
| Geographic name | Bhutan |
| Form subdivision | Guidebooks. |
| Withdrawn status | Lost status | Source of classification or shelving scheme | Damaged status | Not for loan | Collection code | Home library | Current library | Shelving location | Date acquired | Serial Enumeration / chronology | Inventory number | Total Checkouts | Full call number | Barcode | Date last seen | Date last checked out | Price effective from | Koha item type |
|---|---|---|---|---|---|---|---|---|---|---|---|---|---|---|---|---|---|---|
| Dewey Decimal Classification | Main TEST | RTC Library | RTC Library | Main opac | 28/07/2023 | 7924 | 2 | 915.45 BUC | 30007055 | 15/12/2023 | 28/07/2023 | 27/11/2018 | Main |